Normal view
MARC view
- Harrington , Roger . F
Entry Personal Name
001 - CONTROL NUMBER
- control field: 59621
003 - CONTROL NUMBER IDENTIFIER
- control field: NUST
005 - DATE AND TIME OF LATEST TRANSACTION
- control field: 20210628202356.0
008 - FIXED-LENGTH DATA ELEMENTS
- fixed length control field: 210628|| aca||aabn | a|a d
040 ## - CATALOGING SOURCE
- Original cataloging agency: NUST
- Transcribing agency: NUST
100 ## - HEADING--PERSONAL NAME
- Personal name: Harrington , Roger . F
670 ## - SOURCE DATA FOUND
- Source citation: Work cat.: (NUST): Harrington , Roger . F, Time-harmonic electromagnetic fields, 1961
